000 00387nam a22001457a 4500
005 20250722181251.0
008 250722b |||||||| |||| 00| 0 eng d
020 _a9780072420968
050 _aREF B4
_bPEN
100 _aPENCE GREGORY
245 _aA DICTIONARY OF COMMON PHILOSOPHICAL TERMS
260 _aBRIRMINGHAM
_bUNIVERSITY OF ALABAMA
_cc2000
300 _a55p
942 _2lcc
_cBK
_n0
999 _c7107
_d7107